000 01196nam a22003977a 4500
001 BR0704984
003 BR-BrBNA
005 20230928102531.0
007 ta
008 230509b bl.||||| |||| 00| 0 por d
040 _aBR-BrBNA
_bpor
_cBiblioteca Nacional de Agricultura
041 _a(Por)
072 _aQ70; F04
_b8968
_b1930
_b1410
090 _ 8968 BR0704984
100 1 _aOliveira, D.Q.L. de
110 1 _aUniversidade Federal de Lavras, MG (Brasil)
_0Tese (Mestrado)
245 1 _aTratamento de rejeitos sólidos contendo cromo da indústria de couro: uso em processos de adsorção e como fonte de nitrogênio na agricultura
260 3 _aLavras, MG (Brasil):
_c2007.
300 _a73 p.
500 _aSummaries (Eng, Por); Several bibliography; 27 illus.
650 _aINDÚSTRIA AGRÍCOLA
650 _aRESÍDUO SOLIDO
650 _aCOURO
650 _aCURTUME
650 _aCOLÁGENO
650 _aRECICLAGEM
650 _aTRATAMENTO
650 _aCROMO
650 _aEXTRAÇÃO
650 _aADSORÇÃO
650 _aFERTILIZANTE NITROGENADO
650 _aCAPIM ELEFANTE
650 _aFEIJÃO
909 _a202309
_bLucia
_c55
_dLucia Elande
942 _cBK
999 _c71256
_d71256